Flight attendant uniforms by airlines - HARD - Statistics

General Stats
  • This quiz has been taken 92 times
  • The average score is 8 of 16
Answer Stats
Picture Hint Answer % Correct
Airline from the UEA Emirates
99%
Another US airlines whose name starts with "D" Delta Airlines
90%
Airline from the USA American Airlines
84%
An Ireland-born airline, that has now expanded to the whole of europe Ryanair
79%
Taj Mahal Air India
74%
Country in East Asia Thai Airlines
65%
UK airline whose name is very simple Easyjet
59%
Airline from a country known for its kind people and amazing food All Nippon Airways (ANA)
56%
Abu Dhabi Qatar Airlines
49%
From a country known for vodka and pierogi LOT Polish Airlines
46%
The country with the largest population in the world China Eastern Airlines
40%
National airline of Europe's 7th smallest country, the country's name starts with "Lux" and so does the airline's! Luxair
40%
From a country known for Co....fee! The airline's name starts with "A" Avianca
21%
It's really chilly in this airline's country of origin ;) LATAM Airlines
15%
National airline of the world's least densely populated country, the inital part of this airline's name might be associated with a certain Mazda car. MIAT Mongolian Airlines
12%
German charter carrier LEAV Aviation
1%
No matching quizzes found
Score Distribution
Percent of People with Each Score
Percentile by Number Answered
Your Score History
You have not taken this quiz